<?xml version="1.0" encoding="UTF-8"?>
<collection xmlns="http://www.loc.gov/MARC21/slim">
 <record>
  <leader>01065nam0a2200277   4500</leader>
  <controlfield tag="001">in00000003385</controlfield>
  <controlfield tag="005">20230113123028.0</controlfield>
  <datafield tag="010" ind1=" " ind2=" ">
   <subfield code="a">978-7-214-25316-3</subfield>
   <subfield code="d">CNY28.00</subfield>
  </datafield>
  <datafield tag="035" ind1=" " ind2=" ">
   <subfield code="a">010958304</subfield>
  </datafield>
  <datafield tag="100" ind1=" " ind2=" ">
   <subfield code="a">20201117d2020    cemy0chiy50      ea</subfield>
  </datafield>
  <datafield tag="101" ind1="2" ind2=" ">
   <subfield code="a">chi</subfield>
   <subfield code="a">eng</subfield>
   <subfield code="c">inc</subfield>
  </datafield>
  <datafield tag="102" ind1=" " ind2=" ">
   <subfield code="a">CN</subfield>
   <subfield code="b">320000</subfield>
  </datafield>
  <datafield tag="105" ind1=" " ind2=" ">
   <subfield code="a">y   z   000gy</subfield>
  </datafield>
  <datafield tag="106" ind1=" " ind2=" ">
   <subfield code="a">r</subfield>
  </datafield>
  <datafield tag="200" ind1="1" ind2=" ">
   <subfield code="a">飞鸟集·园丁集</subfield>
   <subfield code="9">fei niao ji · yuan ding ji</subfield>
   <subfield code="f">(印)泰戈尔著</subfield>
   <subfield code="g">程郁译</subfield>
  </datafield>
  <datafield tag="210" ind1=" " ind2=" ">
   <subfield code="a">南京</subfield>
   <subfield code="c">江苏人民出版社</subfield>
   <subfield code="d">2020</subfield>
  </datafield>
  <datafield tag="215" ind1=" " ind2=" ">
   <subfield code="a">265页</subfield>
   <subfield code="d">21cm</subfield>
  </datafield>
  <datafield tag="300" ind1=" " ind2=" ">
   <subfield code="a">凤凰含章 中小学生阅读推荐书目 泰戈尔诗歌作品集</subfield>
  </datafield>
  <datafield tag="312" ind1=" " ind2=" ">
   <subfield code="a">书内英文题名：Stray birds the gardener</subfield>
  </datafield>
  <datafield tag="330" ind1=" " ind2=" ">
   <subfield code="a">本书是泰戈尔的作品合集，包括《飞鸟集》与《园丁集》两部诗集。</subfield>
  </datafield>
  <datafield tag="510" ind1="1" ind2=" ">
   <subfield code="a">Stray birds the gardener</subfield>
   <subfield code="z">eng</subfield>
  </datafield>
  <datafield tag="606" ind1="0" ind2=" ">
   <subfield code="a">诗集</subfield>
   <subfield code="y">印度</subfield>
   <subfield code="z">现代</subfield>
  </datafield>
  <datafield tag="690" ind1=" " ind2=" ">
   <subfield code="a">I351.25</subfield>
   <subfield code="v">5</subfield>
  </datafield>
  <datafield tag="701" ind1=" " ind2="0">
   <subfield code="c">(印)</subfield>
   <subfield code="a">泰戈尔</subfield>
   <subfield code="9">tai ge er</subfield>
   <subfield code="c">(Tagore, Rabindranath</subfield>
   <subfield code="f">1861-1941)</subfield>
   <subfield code="4">著</subfield>
  </datafield>
  <datafield tag="702" ind1=" " ind2="0">
   <subfield code="a">程郁</subfield>
   <subfield code="9">cheng yu</subfield>
   <subfield code="4">译</subfield>
  </datafield>
  <datafield tag="999" ind1="f" ind2="f">
   <subfield code="s">9162a1d6-6fc2-4ad7-8be3-b0b163b6ce6b</subfield>
   <subfield code="i">d3ebf40c-f1c2-4046-9454-e9b06a03ad6f</subfield>
  </datafield>
 </record>
</collection>
